000
00309nam a2200109Ia 4500
008
171211s9999 xx 000 0 und d
245
_a
Studies in Economic Nationalism (LvMI)
245
_c
Michael A. Heilperin
260
_c
2011
650
_x
ECONOMICS
856
_u
http://down.ebook777.com/062/193355083X.pdf
999
_c
349584
_d
349584